[Event "EU-chT Seniors"]
[Site "Sibenik"]
[Date "2014.04.09"]
[Round "9.8"]
[White "Miles, Richard"]
[Black "Dogantug, Ahmet Ismail"]
[Result "0-1"]
[WhiteElo "2065"]
[BlackElo "2149"]
[PlyCount "74"]
[EventDate "2014.04.01"]
[EventType "team-swiss"]
[EventRounds "9"]
[EventCountry "CRO"]
[SourceTitle "CBM 159 Extra"]
[Source "ChessBase"]
[SourceDate "2014.04.24"]
[SourceVersion "1"]
[SourceVersionDate "2014.04.24"]
[SourceQuality "1"]
[WhiteTeam "Wales Gwent Seniors"]
[BlackTeam "Turkey Seniors"]
[WhiteTeamCountry "WLS"]
[BlackTeamCountry "TUR"]

1. c4 c5 2. g3 Nc6 3. Bg2 g6 4. Nc3 Bg7 5. Rb1 e6 6. a3 a5 7. d3 Nge7 8. e4 0-0 9. Nge2 d6 10. Be3 Nd4 11. 0-0 Nec6 12. f4 f5 13. Kh1 Bd7 14. Bg1 Kh8 15. Qd2 a4 16. Qd1 Qa5 17. Nc1 Ra7 18. h3 b5 19. cxb5 Nxb5 20. Nxb5 Qxb5 21. Na2 Rb8 22. Nc3 Qb3 23. Qd2 Rab7 24. Nd1 fxe4 25. Bxe4 d5 26. Bg2 Nd4 27. Bxd4 Bxd4 28. g4 Bb5 29. Rf3 Bd7 30. f5 exf5 31. gxf5 Bxf5 32. h4 Qa2 33. Nc3 Qb3 34. Nd1 Re7 35. Ne3 Qa2 36. Re1 Qxb2 37. Qd1 Rbe8 0-1

[Event "EU-chT Seniors"]
[Site "Sibenik"]
[Date "2014.04.02"]
[Round "2.1"]
[White "Gavrilov, Alexei"]
[Black "Dogantug, Ahmet Ismail"]
[Result "1-0"]
[WhiteElo "2466"]
[BlackElo "2149"]
[PlyCount "107"]
[EventDate "2014.04.01"]
[EventType "team-swiss"]
[EventRounds "9"]
[EventCountry "CRO"]
[SourceTitle "CBM 159 Extra"]
[Source "ChessBase"]
[SourceDate "2014.04.24"]
[SourceVersion "1"]
[SourceVersionDate "2014.04.24"]
[SourceQuality "1"]
[WhiteTeam "Russia Seniors"]
[BlackTeam "Turkey Seniors"]
[WhiteTeamCountry "RUS"]
[BlackTeamCountry "TUR"]

1. d4 d5 2. c4 c6 3. Nc3 Nf6 4. cxd5 cxd5 5. Bf4 Nc6 6. e3 a6 7. Rc1 Bf5 8. Nf3 e6 9. Qb3 Qd7 10. Ne5 Nxe5 11. Bxe5 Rc8 12. Be2 Be7 13. 0-0 0-0 14. f3 h6 15. Kf2 b5 16. a4 b4 17. Bxa6 bxc3 18. Bxc8 Rxc8 19. Rxc3 Rxc3 20. bxc3 Bd3 21. Ra1 Qa7 22. Qb8+ Qxb8 23. Bxb8 Nd7 24. Bc7 f5 25. h3 h5 26. Ke1 Kf7 27. Kd2 Ba6 28. Rb1 Ke8 29. a5 Bd8 30. Bxd8 Kxd8 31. g4 hxg4 32. fxg4 fxg4 33. hxg4 Ke7 34. g5 Kf7 35. Rh1 Kg6 36. Rh8 Kxg5 37. Ra8 Bb5 38. Ke1 Nf6 39. a6 Bxa6 40. Rxa6 Kf5 41. Ra7 g5 42. Rf7 g4 43. Ke2 Kg6 44. Rc7 Ne4 45. c4 Nc3+ 46. Ke1 Kf5 47. c5 e5 48. Re7 exd4 49. c6 Kf6 50. c7 Kxe7 51. c8Q Ne4 52. exd4 g3 53. Qf5 Kd6 54. Qe5+ 1-0

[Event "Wch Seniors 23rd"]
[Site "Opatija"]
[Date "2013.11.23"]
[Round "11"]
[White "Giffard, Nicolas"]
[Black "Dogantug, Ahmet Ismail"]
[Result "1-0"]
[WhiteElo "2348"]
[BlackElo "2117"]
[PlyCount "71"]
[EventDate "2013.11.12"]
[EventType "swiss"]
[EventRounds "11"]
[EventCountry "CRO"]
[SourceTitle "CBM 157 Extra"]
[Source "ChessBase"]
[SourceDate "2013.12.19"]
[SourceVersion "1"]
[SourceVersionDate "2013.12.19"]
[SourceQuality "1"]

1. d4 Nf6 2. c4 e6 3. Nc3 Bb4 4. Nf3 b6 5. Qb3 c5 6. Bg5 h6 7. Bh4 0-0 8. a3 Ba5 9. e3 Na6 10. Be2 Bb7 11. 0-0 Bxc3 12. Qxc3 Ne4 13. Qc2 Qc8 14. Rac1 d6 15. Rfd1 Qc7 16. d5 exd5 17. cxd5 Rae8 18. Bb5 g5 19. Bxe8 Rxe8 20. Bg3 Qe7 21. Qa4 Nc7 22. Nd2 Nxg3 23. hxg3 Nxd5 24. e4 Nf6 25. Qxa7 b5 26. e5 Ng4 27. exd6 Qe2 28. Qxc5 Re3 29. Qxe3 Nxe3 30. d7 Qd3 31. Rc8+ Kg7 32. d8Q Qxd8 33. Rxd8 Nxd1 34. Rd7 Bc6 35. Rc7 Be8 36. Ne4 1-0

[Event "Wch Seniors 23rd"]
[Site "Opatija"]
[Date "2013.11.22"]
[Round "10"]
[White "Dogantug, Ahmet Ismail"]
[Black "Sorensen, Bent"]
[Result "1/2-1/2"]
[WhiteElo "2117"]
[BlackElo "2247"]
[PlyCount "54"]
[EventDate "2013.11.12"]
[EventType "swiss"]
[EventRounds "11"]
[EventCountry "CRO"]
[SourceTitle "CBM 157 Extra"]
[Source "ChessBase"]
[SourceDate "2013.12.19"]
[SourceVersion "1"]
[SourceVersionDate "2013.12.19"]
[SourceQuality "1"]

1. e4 e6 2. d4 d5 3. Nc3 Nf6 4. Bg5 Bb4 5. e5 h6 6. Bd2 Bxc3 7. bxc3 Ne4 8. Qg4 Kf8 9. Nf3 c5 10. Bd3 Nxd2 11. Kxd2 c4 12. Be2 Nc6 13. h4 b5 14. a3 Bd7 15. h5 a5 16. Rhb1 Rb8 17. Qf4 Qe7 18. Qh4 Qxh4 19. Nxh4 Ke7 20. f4 Rhg8 21. Ke3 b4 22. Kd2 bxa3 23. Rxb8 Rxb8 24. Nf3 a4 25. Rxa3 Rb1 26. Rxa4 Nxe5 27. Rb4 Nxf3+ 1/2-1/2

[Event "Wch Seniors 23rd"]
[Site "Opatija"]
[Date "2013.11.21"]
[Round "9"]
[White "Brinck Claussen, Bjorn"]
[Black "Dogantug, Ahmet Ismail"]
[Result "1/2-1/2"]
[WhiteElo "2248"]
[BlackElo "2117"]
[PlyCount "93"]
[EventDate "2013.11.12"]
[EventType "swiss"]
[EventRounds "11"]
[EventCountry "CRO"]
[SourceTitle "CBM 157 Extra"]
[Source "ChessBase"]
[SourceDate "2013.12.19"]
[SourceVersion "1"]
[SourceVersionDate "2013.12.19"]
[SourceQuality "1"]

1. c4 c5 2. Nc3 Nc6 3. g3 g6 4. Bg2 Bg7 5. Nf3 d6 6. 0-0 e5 7. a3 Nge7 8. b4 0-0 9. Rb1 Bf5 10. d3 Qd7 11. Ng5 h6 12. Nge4 b6 13. Bxh6 Bh3 14. Qd2 Bxg2 15. Kxg2 cxb4 16. axb4 d5 17. cxd5 Nxd5 18. Nxd5 Qxd5 19. f3 f6 20. Rfc1 Rf7 21. Rc4 Nd4 22. Be3 Ne6 23. Qa2 Rd8 24. Qa6 Kh7 25. Rbc1 Bh6 26. Nc3 Qd7 27. Bxh6 Kxh6 28. Nb5 Nd4 29. Rc7 Qe6 30. Rxf7 Qxf7 31. Rc7 Qe8 32. Qb7 Qg8 33. Nxa7 g5 34. Qxb6 Kg6 35. Nc6 Re8 36. Nxd4 exd4 37. Rc2 Qd5 38. Qc5 Qb3 39. g4 Re5 40. Qc4 Qb1 41. Ra2 Re8 42. e4 Rc8 43. Qxc8 Qxa2+ 44. Kg3 Qa1 45. Kf2 Qb2+ 46. Kg3 Qa1 47. Qg8+ 1/2-1/2

[Event "Izmir op 12th"]
[Site "Izmir"]
[Date "2013.09.03"]
[Round "3"]
[White "Tiviakov, Sergei"]
[Black "Dogantug, Ahmet Ismail"]
[Result "1-0"]
[WhiteElo "2665"]
[BlackElo "2117"]
[PlyCount "79"]
[EventDate "2013.09.01"]
[EventType "swiss"]
[EventRounds "9"]
[EventCountry "TUR"]
[SourceTitle "CBM 156 Extra"]
[Source "ChessBase"]
[SourceDate "2013.10.22"]
[SourceVersion "1"]
[SourceVersionDate "2013.10.22"]
[SourceQuality "1"]

1. e4 e5 2. Nf3 Nc6 3. Bc4 Bc5 4. c3 Nf6 5. d3 d6 6. Bb3 a6 7. h3 0-0 8. Bg5 h6 9. Bh4 Qe7 10. Nbd2 Be6 11. Bc2 Kh8 12. Nh2 Rg8 13. Ng4 g5 14. Bg3 Nxg4 15. hxg4 Rg6 16. Qe2 Rf6 17. Nf1 Kg7 18. f3 Re8 19. Bh2 d5 20. exd5 Bxd5 21. Ng3 Kg8 22. Bb3 Bxb3 23. axb3 Qf8 24. 0-0-0 b5 25. Nf5 b4 26. Qe4 Bb6 27. Kc2 Rfe6 28. Bg3 a5 29. Rh5 bxc3 30. bxc3 Nd4+ 31. cxd4 exd4 32. Nxh6+ Rxh6 33. Rxg5+ Kh8 34. Be5+ Rxe5 35. Qxe5+ f6 36. Rf5 Qb4 37. Qe1 Qa3 38. Ra1 Qd6 39. g5 Rh2 40. Qe8+ 1-0

[Event "Wch Seniors 22nd"]
[Site "Kamena Vourla"]
[Date "2012.11.18"]
[Round "6"]
[White "Dogantug, Ahmet Ismail"]
[Black "Davydov, Mihail"]
[Result "0-1"]
[WhiteElo "2138"]
[BlackElo "2034"]
[PlyCount "58"]
[EventDate "2012.11.13"]
[EventType "swiss"]
[EventRounds "11"]
[EventCountry "GRE"]
[SourceTitle "CBM 151 Extra"]
[Source "ChessBase"]
[SourceDate "2012.12.18"]
[SourceVersion "1"]
[SourceVersionDate "2012.12.18"]
[SourceQuality "1"]

1. e4 c6 2. d4 d5 3. Nc3 dxe4 4. Nxe4 Nd7 5. Ng5 Ngf6 6. Bd3 e6 7. N1f3 Bd6 8. 0-0 0-0 9. Qe2 Qe7 10. Re1 h6 11. Ne4 Nxe4 12. Qxe4 Nf6 13. Qh4 Nd5 14. Qe4 Nf6 15. Qe2 b6 16. c4 Qc7 17. Ne5 c5 18. Bxh6 gxh6 19. Qd2 Kg7 20. Re3 Rh8 21. Rg3+ Kf8 22. Rf3 Bxe5 23. dxe5 Ng4 24. Be4 Rb8 25. Qf4 Nxe5 26. Rg3 Ke8 27. Re1 Qd6 28. Bc6+ Ke7 29. Rxe5 Qd1+ 0-1

[Event "Wch Seniors 22nd"]
[Site "Kamena Vourla"]
[Date "2012.11.17"]
[Round "5"]
[White "Baumgarten, Werner"]
[Black "Dogantug, Ahmet Ismail"]
[Result "1/2-1/2"]
[WhiteElo "1981"]
[BlackElo "2138"]
[PlyCount "88"]
[EventDate "2012.11.13"]
[EventType "swiss"]
[EventRounds "11"]
[EventCountry "GRE"]
[SourceTitle "CBM 151 Extra"]
[Source "ChessBase"]
[SourceDate "2012.12.18"]
[SourceVersion "1"]
[SourceVersionDate "2012.12.18"]
[SourceQuality "1"]

1. d4 Nf6 2. c4 g6 3. Nc3 Bg7 4. e4 d6 5. f3 0-0 6. Be3 e5 7. d5 c6 8. dxc6 Nxc6 9. Qd2 Qa5 10. Nb5 Qxd2+ 11. Bxd2 Rd8 12. 0-0-0 a6 13. Nc7 Rb8 14. Bg5 h6 15. Bh4 b6 16. Nd5 g5 17. Bf2 Nxd5 18. cxd5 Ne7 19. g4 Bd7 20. Kb1 b5 21. Bd3 Ng6 22. Ne2 Nh4 23. Ng1 Rdc8 24. h3 Bf6 25. Rh2 Ng6 26. Ne2 Bd8 27. Ng3 Nh4 28. Be2 a5 29. Nf5 Nxf5 30. gxf5 Rc7 31. h4 b4 32. Be3 b3 33. axb3 Rxb3 34. Rd3 Rcb7 35. Rxb3 Rxb3 36. Bd2 a4 37. Bd1 Rb7 38. Ka2 f6 39. hxg5 hxg5 40. Ka3 Ra7 41. Bb4 Ra6 42. Rc2 Kf7 43. Be2 Rb6 44. Rc3 Ke8 1/2-1/2

[Event "Wch Seniors 22nd"]
[Site "Kamena Vourla"]
[Date "2012.11.16"]
[Round "4"]
[White "Dogantug, Ahmet Ismail"]
[Black "Filipenko, Alexander V"]
[Result "0-1"]
[WhiteElo "2138"]
[BlackElo "2321"]
[PlyCount "117"]
[EventDate "2012.11.13"]
[EventType "swiss"]
[EventRounds "11"]
[EventCountry "GRE"]
[SourceTitle "CBM 151 Extra"]
[Source "ChessBase"]
[SourceDate "2012.12.18"]
[SourceVersion "1"]
[SourceVersionDate "2012.12.18"]
[SourceQuality "1"]

1. e4 c5 2. Nf3 d6 3. Bb5+ Nc6 4. Bxc6+ bxc6 5. 0-0 Bg4 6. h3 Bh5 7. Re1 e6 8. d3 Nf6 9. Nbd2 Nd7 10. Nf1 Be7 11. Ng3 Bg6 12. b3 0-0 13. Bb2 f6 14. c4 Re8 15. d4 Bf8 16. d5 cxd5 17. cxd5 e5 18. Nd2 Nb6 19. Rc1 Re7 20. Qf3 Rb7 21. Ngf1 a5 22. Bc3 a4 23. Ne3 axb3 24. axb3 Ra2 25. Ra1 Rba7 26. Rxa2 Rxa2 27. Ra1 Rxa1+ 28. Bxa1 Qa8 29. Bc3 Qa6 30. Nec4 Nxc4 31. bxc4 Qa4 32. Qd3 Qd1+ 33. Kh2 Be8 34. Qb1 Qxb1 35. Nxb1 Ba4 36. f3 g6 37. Bd2 Bc2 38. Na3 Bd3 39. Kg1 f5 40. exf5 gxf5 41. Kf2 f4 42. Ba5 Kf7 43. Bd8 Ke8 44. Ba5 Be7 45. Kg1 Bh4 46. Bd2 Bg3 47. Ba5 Kd7 48. Bc3 e4 49. fxe4 Bxe4 50. Bg7 Ke7 51. Nb5 Bd3 52. Nxd6 f3 53. Nc8+ Kf7 54. gxf3 Kxg7 55. Nb6 Bc7 56. Na4 Bxc4 57. Kg2 Bd6 58. Nc3 Kf6 59. f4 0-1

[Event "EU-chT Seniors"]
[Site "Rogaska Slatina"]
[Date "2012.03.30"]
[Round "4.17"]
[White "Dogantug, Ahmet Ismail"]
[Black "Dahl, Ivar M"]
[Result "0-1"]
[WhiteElo "2155"]
[BlackElo "2146"]
[PlyCount "142"]
[EventDate "2012.03.27"]
[EventType "team-swiss"]
[EventRounds "9"]
[EventCountry "SLO"]
[SourceTitle "CBM 147 Extra"]
[Source "ChessBase"]
[SourceDate "2012.04.24"]
[SourceVersion "1"]
[SourceVersionDate "2012.04.24"]
[SourceQuality "1"]
[WhiteTeam "Turkey (Seniors)"]
[BlackTeam "Norway (Seniors) V"]
[WhiteTeamCountry "TUR"]
[BlackTeamCountry "NOR"]

1. e4 e6 2. d4 d5 3. Nc3 Bb4 4. Nge2 dxe4 5. a3 Bxc3+ 6. Nxc3 Nc6 7. Bb5 Nge7 8. Bg5 f6 9. Be3 0-0 10. Qd2 f5 11. 0-0-0 a6 12. Bxc6 Nxc6 13. f3 exf3 14. gxf3 Qh4 15. Rhg1 f4 16. Bf2 Qh3 17. d5 Ne5 18. Bd4 Ng6 19. Qe2 e5 20. Rxg6 hxg6 21. Qxe5 Qd7 22. Rg1 Rf5 23. Qe4 Qf7 24. h4 Bd7 25. Qd3 Re8 26. b3 Bb5 27. Qd2 Bd7 28. Qg2 Rh5 29. Qxg6 Qxg6 30. Rxg6 Re7 31. Rg2 Rxh4 32. Ne4 Rh1+ 33. Kb2 Bf5 34. d6 cxd6 35. Nxd6 Bh3 36. Rg5 Rh2 37. Ne4 Rc7 38. Bc3 Rg2 39. Rh5 Be6 40. Re5 Bc8 41. Re8+ Kh7 42. Nd6 Bh3 43. Rf8 Re7 44. Ne4 Bd7 45. Rxf4 Bc6 46. Bd4 Bxe4 47. fxe4 g5 48. Rf6 Rxe4 49. Kc3 Re7 50. Kd3 g4 51. c3 Rg3+ 52. Kc4 Rf3 53. Rd6 g3 54. Rd8 Kg6 55. a4 Kf5 56. Rg8 Re6 57. Rf8+ Kg4 58. Rg8+ Kh3 59. Kd5 Rh6 60. Ke4 Rf7 61. Be5 Rh4+ 62. Ke3 Rg4 63. Rh8+ Kg2 64. Bd4 Re7+ 65. Kd3 Kf3 66. Rf8+ Rf4 67. Rg8 g2 68. b4 Rd7 69. b5 axb5 70. axb5 Rdxd4+ 71. cxd4 Rg4 0-1

[Event "Izmir op 10th"]
[Site "Izmir"]
[Date "2011.09.04"]
[Round "5"]
[White "Lomsadze, David"]
[Black "Dogantug, Ahmet Ismail"]
[Result "1-0"]
[WhiteElo "2357"]
[BlackElo "2162"]
[PlyCount "89"]
[EventDate "2011.09.01"]
[EventType "swiss"]
[EventRounds "9"]
[EventCountry "TUR"]
[SourceTitle "CBM 144 Extra"]
[Source "ChessBase"]
[SourceDate "2011.10.28"]
[SourceVersion "1"]
[SourceVersionDate "2011.10.28"]
[SourceQuality "1"]

1. g3 d5 2. Bg2 e6 3. Nf3 c5 4. 0-0 d4 5. c4 Nc6 6. e4 dxe3 7. fxe3 Nf6 8. Nc3 Bd6 9. d4 0-0 10. Kh1 e5 11. d5 Ne7 12. e4 Ng6 13. Bg5 h6 14. Bxf6 Qxf6 15. Nh4 Qd8 16. Nf5 f6 17. Qh5 Ne7 18. Bh3 Bxf5 19. exf5 Qb6 20. Qe2 Rad8 21. Bg2 a6 22. Ne4 Nc8 23. Rac1 Be7 24. b4 Qc7 25. g4 b6 26. bxc5 Bxc5 27. h4 Nd6 28. g5 Nxe4 29. Bxe4 fxg5 30. hxg5 hxg5 31. Kg2 Qe7 32. Qh5 Rf6 33. Qxg5 Rh6 34. Qxe7 Bxe7 35. Rh1 Rxh1 36. Rxh1 Kf7 37. a4 a5 38. Kf3 Bc5 39. Bd3 Kf6 40. Ke4 Bd4 41. Rh2 Kf7 42. Be2 Kf6 43. Rg2 Rh8 44. Rg6+ Kf7 45. d6 1-0

[Event "Izmir op 10th"]
[Site "Izmir"]
[Date "2011.09.02"]
[Round "2"]
[White "Dogantug, Ahmet Ismail"]
[Black "Aydin, Hasan Bora"]
[Result "1/2-1/2"]
[WhiteElo "2162"]
[BlackElo "1712"]
[PlyCount "71"]
[EventDate "2011.09.01"]
[EventType "swiss"]
[EventRounds "9"]
[EventCountry "TUR"]
[SourceTitle "CBM 144 Extra"]
[Source "ChessBase"]
[SourceDate "2011.10.28"]
[SourceVersion "1"]
[SourceVersionDate "2011.10.28"]
[SourceQuality "1"]

1. e4 c5 2. f4 g6 3. Nf3 Bg7 4. Nc3 d6 5. Bc4 Nc6 6. 0-0 e6 7. d3 Nge7 8. Qe1 0-0 9. Qh4 d5 10. Bb3 Nd4 11. Nxd4 cxd4 12. Ne2 dxe4 13. dxe4 Nc6 14. Qxd8 Rxd8 15. Bd2 h5 16. Ng3 b6 17. Bc4 Bb7 18. Rae1 Rac8 19. b3 Nb8 20. f5 h4 21. Nh1 b5 22. Bd3 Rd6 23. fxg6 fxg6 24. e5 Ra6 25. a4 bxa4 26. bxa4 Rxa4 27. Bxg6 Rc7 28. Nf2 Ba6 29. Bd3 Bxd3 30. cxd3 Nd7 31. Ng4 Ra2 32. Rf2 Rcc2 33. Bf4 Nc5 34. Rxc2 Rxc2 35. Rd1 a5 36. Bg5 1/2-1/2

[Event "TUR-chT"]
[Site "Konya"]
[Date "2011.07.02"]
[Round "6"]
[White "Kinsiz, Onur"]
[Black "Dogantug, Ahmet Ismail"]
[Result "1-0"]
[WhiteElo "2184"]
[BlackElo "2218"]
[PlyCount "43"]
[EventDate "2011.06.28"]
[EventType "team-swiss"]
[EventRounds "13"]
[EventCountry "TUR"]
[SourceTitle "CBM 143 Extra"]
[Source "ChessBase"]
[SourceDate "2011.08.29"]
[SourceVersion "1"]
[SourceVersionDate "2011.08.29"]
[SourceQuality "1"]
[WhiteTeam "Istanbul Teknik Uni"]
[BlackTeam "Deniz Genclik"]
[WhiteTeamCountry "TUR"]
[BlackTeamCountry "TUR"]

1. e4 c5 2. Nf3 a6 3. c4 e6 4. d4 cxd4 5. Nxd4 Nf6 6. Nc3 Qc7 7. Bd3 Nc6 8. Be3 Ne5 9. h3 Nxc4 10. Bxc4 Qxc4 11. Rc1 Qb4 12. 0-0 d6 13. a3 Qa5 14. b4 Qd8 15. Ncb5 axb5 16. Nxb5 Bd7 17. Nc7+ Ke7 18. e5 Ne4 19. exd6+ Nxd6 20. Nxa8 Qxa8 21. Bc5 Qb8 22. Bxd6+ 1-0

[Event "TUR-chT"]
[Site "Konya"]
[Date "2011.06.29"]
[Round "2"]
[White "Dogantug, Ahmet Ismail"]
[Black "Citak, Selim"]
[Result "0-1"]
[WhiteElo "2218"]
[BlackElo "2356"]
[PlyCount "64"]
[EventDate "2011.06.28"]
[EventType "team-swiss"]
[EventRounds "13"]
[EventCountry "TUR"]
[SourceTitle "CBM 143 Extra"]
[Source "ChessBase"]
[SourceDate "2011.08.29"]
[SourceVersion "1"]
[SourceVersionDate "2011.08.29"]
[SourceQuality "1"]
[WhiteTeam "Deniz Genclik"]
[BlackTeam "Besiktas Jimnastik"]
[WhiteTeamCountry "TUR"]
[BlackTeamCountry "TUR"]

1. e4 e5 2. Nf3 Nc6 3. Bb5 a6 4. Ba4 Nf6 5. Qe2 b5 6. Bb3 Bc5 7. d3 0-0 8. a4 Na5 9. Ba2 d6 10. Bg5 Be6 11. 0-0 b4 12. Bxe6 fxe6 13. Nbd2 Qe8 14. Bxf6 Rxf6 15. Nc4 Nxc4 16. dxc4 Qh5 17. Rad1 Raf8 18. Rd3 g5 19. h3 g4 20. Nh2 Rxf2 21. Rxf2 Rxf2 22. Qxg4+ Qxg4 23. Nxg4 Rxc2+ 24. Kh2 Rxb2 25. Rg3 Kf8 26. Nf6 h6 27. Ng4 Rb1 28. Rf3+ Ke8 29. Nxh6 b3 30. Rf6 b2 31. Rxe6+ Kd7 32. Rf6 Rd1 0-1

[Event "TUR-chT"]
[Site "Kocaeli"]
[Date "2008.06.30"]
[Round "11"]
[White "Dogantug, Ahmet Ismail"]
[Black "Keler, Faruk"]
[Result "1-0"]
[WhiteElo "2246"]
[BlackElo "2256"]
[PlyCount "87"]
[EventDate "2008.06.24"]
[EventType "team"]
[EventRounds "15"]
[EventCountry "TUR"]
[SourceTitle "CBM 125 Extra"]
[Source "ChessBase"]
[SourceDate "2008.09.01"]
[SourceVersion "1"]
[SourceVersionDate "2008.09.01"]
[SourceQuality "1"]

1. e4 e5 2. Nf3 Nc6 3. Bb5 a6 4. Ba4 Nf6 5. Qe2 b5 6. Bb3 Bc5 7. a4 Rb8 8. axb5 axb5 9. d3 0-0 10. Bg5 d6 11. Nc3 Bb4 12. 0-0 Bxc3 13. bxc3 Qe7 14. Nh4 h6 15. Ng6 Qd8 16. Bxf6 Qxf6 17. Nxf8 Kxf8 18. Qe3 g5 19. Bd5 Bd7 20. Bxc6 Bxc6 21. Ra7 Rc8 22. Qh3 Qe6 23. Qxe6 fxe6 24. h4 Ke7 25. hxg5 hxg5 26. Kh2 d5 27. Re1 Kd6 28. Kg3 Rf8 29. exd5 exd5 30. Rh1 Rf6 31. Rh5 Rg6 32. Rh7 Bd7 33. Ra8 Be6 34. Rd8+ Kc6 35. Re8 Kd6 36. Ree7 c5 37. Ra7 d4 38. Ra6+ Kd5 39. cxd4 Kxd4 40. Rd6+ Kc3 41. Rc7 c4 42. dxc4 bxc4 43. Rcc6 Rg8 44. Rxe6 1-0

[Event "Izmir op 5th"]
[Site "Izmir"]
[Date "2006.08.17"]
[Round "8"]
[White "Batsiashvili, Nino"]
[Black "Dogantug, Ahmet Ismail"]
[Result "0-1"]
[WhiteElo "2324"]
[BlackElo "2188"]
[PlyCount "76"]
[EventDate "2006.09.10"]
[EventType "swiss"]
[EventRounds "10"]
[EventCountry "TUR"]
[SourceTitle "EXT 2007"]
[Source "ChessBase"]
[SourceDate "2006.11.23"]
[SourceVersion "1"]
[SourceVersionDate "2006.11.23"]
[SourceQuality "1"]

1. d4 d5 2. c4 c6 3. Nf3 Nf6 4. Nc3 a6 5. cxd5 cxd5 6. Bf4 Nc6 7. Rc1 e6 8. e3 Bd7 9. Bd3 Be7 10. Ne5 0-0 11. 0-0 Be8 12. Bb1 Rc8 13. h3 Nd7 14. Qd3 f5 15. Nxc6 Rxc6 16. Na4 Ne5 17. Qb3 Nc4 18. Qxb7 e5 19. dxe5 Na5 20. Qa7 Rxc1 21. Rxc1 Bxa4 22. Qxa6 Bd7 23. e6 Bc8 24. Qa7 Nc4 25. b3 Nd6 26. Be5 Bxe6 27. Rc7 Rf7 28. Bd3 Bf8 29. Bxd6 Bxd6 30. Rxf7 Bxf7 31. Bxf5 g6 32. Bg4 Qf6 33. g3 h5 34. Bd7 Be5 35. Kg2 d4 36. Qa8+ Kg7 37. exd4 Bxd4 38. Qf3 Bd5 0-1

[Event "Izmir op 5th"]
[Site "Izmir"]
[Date "2006.08.16"]
[Round "7"]
[White "Velikhanli, Firuza"]
[Black "Dogantug, Ahmet Ismail"]
[Result "1/2-1/2"]
[WhiteElo "2323"]
[BlackElo "2188"]
[PlyCount "113"]
[EventDate "2006.09.10"]
[EventType "swiss"]
[EventRounds "10"]
[EventCountry "TUR"]
[SourceTitle "EXT 2007"]
[Source "ChessBase"]
[SourceDate "2006.11.23"]
[SourceVersion "1"]
[SourceVersionDate "2006.11.23"]
[SourceQuality "1"]

1. e4 e5 2. Nf3 Nc6 3. Bc4 Bc5 4. d3 Nf6 5. 0-0 d6 6. c3 0-0 7. b4 Bb6 8. a4 a6 9. a5 Ba7 10. Qb3 Ne7 11. Be3 Bxe3 12. fxe3 c6 13. Qc2 d5 14. Bb3 dxe4 15. dxe4 Ng6 16. Nbd2 Ng4 17. Rae1 Qe7 18. Nc4 Be6 19. h3 Nf6 20. Ng5 Bxc4 21. Bxc4 h6 22. Nf3 c5 23. Qb1 cxb4 24. cxb4 Rac8 25. Rc1 Rc6 26. Ba2 Rfc8 27. Rxc6 Rxc6 28. Nh2 Kh7 29. Qb3 Rc7 30. Ng4 Nxg4 31. hxg4 Qg5 32. Rxf7 Rxf7 33. Qxf7 Qxe3+ 34. Kh2 Ne7 35. Qf3 Qg5 36. Be6 Qh4+ 37. Qh3 Qg5 38. Qg3 Nc6 39. Bf5+ g6 40. Bc8 Qe7 41. Qf2 Nd4 42. g5 hxg5 43. Qg3 Nc6 44. Qh3+ Kg7 45. Qd7 Qxd7 46. Bxd7 Nxb4 47. Bc8 Nd3 48. Bxb7 Nc5 49. Bd5 Kf6 50. Kg3 Ke7 51. Kg4 Kf6 52. Kf3 Ke7 53. Kg4 Kf6 54. g3 Nd7 55. Bb7 Nc5 56. Bd5 Nd7 57. Bb7 1/2-1/2

[Event "Izmir op 5th"]
[Site "Izmir"]
[Date "2006.08.15"]
[Round "6"]
[White "Dogantug, Ahmet Ismail"]
[Black "Wintzer, Joachim"]
[Result "1/2-1/2"]
[WhiteElo "2188"]
[BlackElo "2349"]
[PlyCount "112"]
[EventDate "2006.09.10"]
[EventType "swiss"]
[EventRounds "10"]
[EventCountry "TUR"]
[SourceTitle "EXT 2007"]
[Source "ChessBase"]
[SourceDate "2006.11.23"]
[SourceVersion "1"]
[SourceVersionDate "2006.11.23"]
[SourceQuality "1"]

1. e4 e6 2. d4 d5 3. Nc3 Bb4 4. Nge2 dxe4 5. a3 Bxc3+ 6. Nxc3 Nc6 7. Bb5 Nge7 8. Bg5 f6 9. Be3 0-0 10. Qd2 f5 11. 0-0-0 a6 12. Bxc6 Nxc6 13. f3 exf3 14. gxf3 e5 15. dxe5 Qxd2+ 16. Bxd2 Be6 17. f4 Rfd8 18. Be3 Kf7 19. Rxd8 Rxd8 20. Rd1 Rg8 21. Na4 h6 22. h4 b6 23. Nc3 Kg6 24. Rh1 Rd8 25. h5+ Kf7 26. Ne2 Bd5 27. Rd1 Bf3 28. Rxd8 Nxd8 29. Ng3 Bg4 30. Kd2 Ne6 31. Ke1 g6 32. hxg6+ Kxg6 33. Kf2 h5 34. Ne2 Bxe2 35. Kxe2 Kf7 36. Kf3 Nf8 37. c4 Ng6 38. b4 b5 39. cxb5 axb5 40. Ba7 Ke6 41. Be3 Kd5 42. Bc5 c6 43. Be3 Nf8 44. Bc1 Kd4 45. Kg3 Ng6 46. Kf3 Kd3 47. Be3 Kc4 48. Bc5 Kd5 49. Kg3 h4+ 50. Kf3 h3 51. Be3 Kc4 52. Kg3 Kd3 53. Bc1 Kc2 54. Be3 Kd3 55. Bc1 Kc2 56. Be3 Kd3 1/2-1/2

[Event "Izmir op 5th"]
[Site "Izmir"]
[Date "2006.08.12"]
[Round "3"]
[White "Dogantug, Ahmet Ismail"]
[Black "Ozdemir, Mert"]
[Result "1-0"]
[WhiteElo "2188"]
[BlackElo "1656"]
[PlyCount "63"]
[EventDate "2006.09.10"]
[EventType "swiss"]
[EventRounds "10"]
[EventCountry "TUR"]
[SourceTitle "EXT 2007"]
[Source "ChessBase"]
[SourceDate "2006.11.23"]
[SourceVersion "1"]
[SourceVersionDate "2006.11.23"]
[SourceQuality "1"]

1. c4 g6 2. Nc3 Bg7 3. d4 c5 4. Nf3 cxd4 5. Nxd4 Nc6 6. Nc2 d6 7. e4 Nf6 8. Be2 Nd7 9. 0-0 Nc5 10. f3 0-0 11. Kh1 Nd7 12. Bg5 Nb6 13. Qd2 Be6 14. b3 a5 15. Bh6 a4 16. Bxg7 Kxg7 17. Rad1 axb3 18. axb3 Nd7 19. f4 Nf6 20. Rf3 Bg4 21. Rg3 Bxe2 22. Qxe2 Qc7 23. Ne3 e6 24. Nb5 Qb6 25. Nxd6 Nd4 26. Qb2 Qxd6 27. e5 Qc5 28. exf6+ Kxf6 29. Rxd4 Ke7 30. h3 Ra3 31. Nd5+ exd5 32. Re3+ 1-0

[Event "EU-Cup 20th"]
[Site "Izmir"]
[Date "2004.10.08"]
[Round "6.4"]
[White "Rotstein, Arkadij"]
[Black "Dogantug, Ahmet Ismail"]
[Result "1-0"]
[WhiteElo "2525"]
[BlackElo "2175"]
[PlyCount "49"]
[EventDate "2004.10.03"]
[EventType "team-swiss"]
[EventRounds "7"]
[EventCountry "TUR"]
[SourceTitle "CBM 104"]
[Source "ChessBase"]
[SourceDate "2005.01.27"]
[SourceVersion "1"]
[SourceVersionDate "2005.01.27"]
[SourceQuality "1"]
[WhiteTeam "Monaco"]
[BlackTeam "Marmaris"]
[WhiteTeamCountry "MNC"]
[BlackTeamCountry "TUR"]

1. Nf3 Nf6 2. c4 c6 3. b3 d5 4. Bb2 Bf5 5. g3 e6 6. Bg2 Bd6 7. 0-0 Nbd7 8. d3 Qe7 9. cxd5 exd5 10. e4 dxe4 11. dxe4 Bg4 12. h3 Bxf3 13. Bxf3 Be5 14. Qc2 Bxb2 15. Qxb2 Ne5 16. Bg2 Rd8 17. Qa3 Qxa3 18. Nxa3 Ke7 19. f4 Nd3 20. Nc4 Rd7 21. e5 Ne8 22. Rad1 g6 23. Na5 Ng7 24. Nxb7 Nxe5 25. Nc5 1-0